Criminologa̕ Etiolg̤ica-Multifactorial Los factores criming̤enos /

Detalles Bibliográficos
Autor principal: Hikal, Wael
Formato: eBook
Lenguaje:español
Publicado: Barcelona : Editorial vLex, 2014
Materias:
Acceso en línea:Acceso restringido

MARC

LEADER 00000nam a22000007a 4500
005 2015021607007.0
007 cr|||| ||||
008 150216s2014 mx |||||s|||| 00||0 spa d
035 |a 12599 
040 |a vLex 
090 |c 5351  |d 5351 
100 1 |a Hikal, Wael 
245 1 0 |a Criminologa̕ Etiolg̤ica-Multifactorial  |h [Recurso electrn̤ico] :  |b Los factores criming̤enos /  |c Wael Hikal 
256 |a Servicio en ln̕ea 
260 |a Barcelona :  |b Editorial vLex,  |c 2014 
300 |a 1 recurso electrn̤ico 
506 1 |a Contenido disponible en los productos indicados  |d vLex Global  |d vLex Global (Academic Edition, excluding Law Schools)  |d vLex Global (U.S. Academic Edition, Law Schools)  |d vLex Global (U.S. Academic Edition, excluding Law Schools)  |d vLex Global (Academic Edition, Law Schools) 
650 0 4 |a Criminologa̕   |z Mx̌ico 
740 0 |a vLex Libros (Servicio en ln̕ea) 
856 4 0 |u http://vlex.com/source/criminologia-etiologica-multifactorial-factores-criminogenos-12599  |z Acceso restringido 
942 |c BOOK 
999 0 |a Criminology